[Event "Wch Seniors 21st"]
[Site "Rijeka"]
[Date "2011.11.26"]
[Round "11"]
[White "Trofimov, Sergey"]
[Black "Singer, Hans"]
[Result "1-0"]
[WhiteElo "2408"]
[BlackElo "2254"]
[PlyCount "63"]
[EventDate "2011.11.15"]
[EventType "swiss"]
[EventRounds "11"]
[EventCountry "CRO"]
[SourceTitle "CBM 145 Extra"]
[Source "ChessBase"]
[SourceDate "2012.01.03"]
[SourceVersion "1"]
[SourceVersionDate "2012.01.03"]
[SourceQuality "1"]

1. d4 Nf6 2. Nf3 g6 3. c4 Bg7 4. Nc3 0-0 5. e4 d6 6. Be2 e5 7. 0-0 exd4 8. Nxd4 Re8 9. f3 Nc6 10. Be3 Nh5 11. Qd2 f5 12. Nxc6 bxc6 13. Rad1 Nf6 14. Bg5 c5 15. Bd3 fxe4 16. fxe4 Bg4 17. Nd5 Rf8 18. Rde1 c6 19. Nxf6+ Bxf6 20. Rxf6 Rxf6 21. h3 Be6 22. e5 dxe5 23. Qe3 Kg7 24. Bxf6+ Qxf6 25. Rf1 Qh4 26. Qxe5+ Kh6 27. Qe3+ Kg7 28. Rf4 Qe7 29. Qe5+ Kg8 30. Bxg6 Rf8 31. Rg4 Qf6 32. Bf7+ 1-0

[Event "Wch Seniors 21st"]
[Site "Rijeka"]
[Date "2011.11.21"]
[Round "6"]
[White "Lederman, Leon S"]
[Black "Trofimov, Sergey"]
[Result "1-0"]
[WhiteElo "2267"]
[BlackElo "2408"]
[PlyCount "97"]
[EventDate "2011.11.15"]
[EventType "swiss"]
[EventRounds "11"]
[EventCountry "CRO"]
[SourceTitle "CBM 145 Extra"]
[Source "ChessBase"]
[SourceDate "2012.01.03"]
[SourceVersion "1"]
[SourceVersionDate "2012.01.03"]
[SourceQuality "1"]

1. e4 c5 2. Nf3 e6 3. d4 cxd4 4. Nxd4 Nc6 5. Nb5 d6 6. c4 Nf6 7. N5c3 Be7 8. Be2 0-0 9. 0-0 b6 10. f4 Bb7 11. Bf3 Rc8 12. Be3 Nb8 13. Qd3 Bc6 14. b4 Qc7 15. Nd2 Nbd7 16. Rac1 Qb8 17. g4 h6 18. h4 Nh7 19. g5 hxg5 20. hxg5 g6 21. Rf2 Rce8 22. Qf1 Kg7 23. Rh2 Rh8 24. Qg2 Qd8 25. Kf2 e5 26. Rg1 exf4 27. Bxf4 Ne5 28. Be2 Reg8 29. Qg3 Nf8 30. Rxh8 Rxh8 31. Nd5 Bxd5 32. exd5 Nfd7 33. Ne4 Qc7 34. Rc1 Qb8 35. Kg2 Qb7 36. Bg4 Kg8 37. Bxd7 Qxd7 38. Bxe5 dxe5 39. d6 Bd8 40. c5 bxc5 41. bxc5 Qb5 42. Re1 Ba5 43. Nf6+ Kf8 44. Rxe5 Qb2+ 45. Kf3 Kg7 46. Re3 Rh1 47. Re8 Qb7+ 48. Kg4 Qb4+ 49. Ne4 1-0

[Event "Wch Seniors 21st"]
[Site "Rijeka"]
[Date "2011.11.18"]
[Round "4"]
[White "Montero Martinez, Cristian"]
[Black "Trofimov, Sergey"]
[Result "1/2-1/2"]
[WhiteElo "2189"]
[BlackElo "2408"]
[PlyCount "65"]
[EventDate "2011.11.15"]
[EventType "swiss"]
[EventRounds "11"]
[EventCountry "CRO"]
[SourceTitle "CBM 145 Extra"]
[Source "ChessBase"]
[SourceDate "2012.01.03"]
[SourceVersion "1"]
[SourceVersionDate "2012.01.03"]
[SourceQuality "1"]

1. d4 Nf6 2. Nf3 e6 3. e3 b6 4. Bd3 c5 5. 0-0 cxd4 6. exd4 Be7 7. c4 Bb7 8. Nc3 0-0 9. d5 Re8 10. a3 h6 11. Bc2 Bf8 12. Re1 Na6 13. Bf4 Rc8 14. Be5 exd5 15. cxd5 d6 16. Bd4 Rxe1+ 17. Nxe1 Nc7 18. Qd3 g6 19. Bb3 Bg7 20. Nf3 Qd7 21. h3 Kh7 22. Rd1 Qe7 23. Re1 Qf8 24. g4 Re8 25. Be3 Nd7 26. Nb5 Nxb5 27. Qxb5 Re7 28. Ba2 Nc5 29. b4 Ne4 30. Qd3 Nf6 31. Rc1 Qa8 32. Rd1 Qc8 33. Rc1 1/2-1/2

[Event "Wch Seniors 21st"]
[Site "Rijeka"]
[Date "2011.11.16"]
[Round "2"]
[White "Anguera Maestro, Jaime"]
[Black "Trofimov, Sergey"]
[Result "1/2-1/2"]
[WhiteElo "2133"]
[BlackElo "2408"]
[PlyCount "27"]
[EventDate "2011.11.15"]
[EventType "swiss"]
[EventRounds "11"]
[EventCountry "CRO"]
[SourceTitle "CBM 145 Extra"]
[Source "ChessBase"]
[SourceDate "2012.01.03"]
[SourceVersion "1"]
[SourceVersionDate "2012.01.03"]
[SourceQuality "1"]

1. d4 Nf6 2. Nf3 e6 3. e3 b6 4. Bd3 Bb7 5. Nbd2 c5 6. c3 Nc6 7. 0-0 Qc7 8. a3 Be7 9. b4 0-0 10. e4 d6 11. Qe2 Rad8 12. Bb2 g6 13. Rfe1 Rd7 14. Nf1 1/2-1/2

[Event "Sibiria Region-chT"]
[Site "Kemerovo"]
[Date "2007.12.12"]
[Round "6"]
[White "Trofimov, Sergey"]
[Black "Sazhinov, Alexander"]
[Result "1-0"]
[WhiteElo "2412"]
[BlackElo "2265"]
[PlyCount "94"]
[EventDate "2007.12.07"]
[EventType "team"]
[EventRounds "7"]
[EventCountry "RUS"]
[SourceTitle "CBM 122 Extra"]
[Source "ChessBase"]
[SourceDate "2008.03.04"]
[SourceVersion "1"]
[SourceVersionDate "2008.03.04"]
[SourceQuality "1"]

1. e4 c5 2. Nf3 a6 3. d3 b5 4. g3 Bb7 5. Bg2 e6 6. 0-0 d6 7. Nbd2 Nf6 8. Ng5 h6 9. Nh3 Be7 10. f4 Nc6 11. Nf2 Qb6 12. Nf3 Nd4 13. Nh4 d5 14. c3 Nc6 15. f5 dxe4 16. fxe6 0-0-0 17. exf7 Rhf8 18. Nxe4 Nxe4 19. Qg4+ Rd7 20. Bxe4 Ne5 21. Bxb7+ Qxb7 22. Qe6 Bf6 23. Be3 Rfxf7 24. Bxc5 Nxd3 25. Rf5 Kb8 26. Ng6 Nxc5 27. Rxc5 Bd8 28. Ne5 Rd2 29. Nc6+ Ka8 30. Rf1 Re7 31. Qg4 Ree2 32. Qf3 Rxh2 33. Re1 Bb6 34. Re8+ Bd8 35. Rxd8+ Rxd8 36. Kxh2 Rd2+ 37. Kg1 Rd8 38. Kg2 Rd2+ 39. Kf1 Rd8 40. b4 Re8 41. Re5 Rc8 42. Re6 a5 43. bxa5 b4 44. cxb4 Qb5+ 45. Kg2 Qb7 46. a6 Qxa6 47. Ne7+ Kb8 1-0

[Event "Sibiria Region-chT"]
[Site "Kemerovo"]
[Date "2007.12.09"]
[Round "3"]
[White "Stroganov, Denis"]
[Black "Trofimov, Sergey"]
[Result "0-1"]
[WhiteElo "2141"]
[BlackElo "2412"]
[PlyCount "60"]
[EventDate "2007.12.07"]
[EventType "team"]
[EventRounds "7"]
[EventCountry "RUS"]
[SourceTitle "CBM 122 Extra"]
[Source "ChessBase"]
[SourceDate "2008.03.04"]
[SourceVersion "1"]
[SourceVersionDate "2008.03.04"]
[SourceQuality "1"]

1. e4 g6 2. d4 Bg7 3. f4 d6 4. Nf3 c6 5. Nc3 Bg4 6. Be2 Qb6 7. e5 Nh6 8. Ng5 Bxe2 9. Nxe2 0-0 10. exd6 exd6 11. 0-0 Nd7 12. Kh1 Rae8 13. c3 Nf5 14. Ng3 Nxg3+ 15. hxg3 Nf6 16. f5 h6 17. Nh3 g5 18. Nf2 Re7 19. Ng4 Rfe8 20. Nxf6+ Bxf6 21. b4 Qb5 22. Bd2 Re2 23. Qc2 Qd5 24. Rg1 Rxg2 25. Rxg2 Re2 26. Rag1 Qf3 27. Bxg5 Rxc2 28. Bxf6 Rxa2 29. c4 Rxg2 30. Rxg2 Qxf5 0-1

[Event "Moscow Aeroflot op-B"]
[Site "Moscow"]
[Date "2005.02.18"]
[Round "4"]
[White "Skorchenko, Dmitry"]
[Black "Trofimov, Sergey"]
[Result "1-0"]
[WhiteElo "2476"]
[BlackElo "2412"]
[PlyCount "83"]
[EventDate "2005.02.15"]
[EventType "swiss"]
[EventRounds "9"]
[EventCountry "RUS"]
[SourceTitle "EXT 2006"]
[Source "ChessBase"]
[SourceDate "2005.11.24"]
[SourceVersion "1"]
[SourceVersionDate "2005.11.24"]
[SourceQuality "1"]

1. e4 c5 2. Nf3 d6 3. d4 cxd4 4. Nxd4 Nf6 5. Nc3 e6 6. Bc4 Be7 7. Bb3 0-0 8. Be3 Nc6 9. 0-0 Na5 10. f4 b6 11. e5 dxe5 12. fxe5 Ne8 13. Qg4 Qc7 14. Qg3 Nxb3 15. axb3 a6 16. Rf2 Bb7 17. Raf1 b5 18. Nce2 Rc8 19. Nf4 Qd7 20. Nh5 Be4 21. Nf6+ Bxf6 22. exf6 Bg6 23. h4 Nxf6 24. Rxf6 gxf6 25. h5 e5 26. Nf5 Rxc2 27. Nh6+ Kg7 28. Ng4 Rfc8 29. hxg6 fxg6 30. Nxf6 Qb7 31. Bh6+ Kh8 32. Ng4 Qe4 33. Nxe5 Rxb2 34. Nf7+ Kg8 35. Nd6 Rxg2+ 36. Qxg2 Qd4+ 37. Qf2 Qg4+ 38. Qg2 Qd4+ 39. Kh1 Qxd6 40. Qf3 Qe7 41. Qd5+ Kh8 42. Bg5 1-0

[Event "RUS-chT Clubs sf"]
[Site "Cheliabinsk"]
[Date "2005.01.??"]
[Round "7"]
[White "Emeljanov, Konstantin"]
[Black "Trofimov, Sergey"]
[Result "0-1"]
[WhiteElo "2178"]
[BlackElo "2412"]
[PlyCount "66"]
[EventDate "2005.01.??"]
[EventType "team"]
[EventRounds "9"]
[EventCountry "RUS"]
[SourceTitle "EXT 2006"]
[Source "ChessBase"]
[SourceDate "2005.11.24"]
[SourceVersion "1"]
[SourceVersionDate "2005.11.24"]
[SourceQuality "1"]

1. e4 c5 2. Nf3 d6 3. d4 cxd4 4. Nxd4 Nf6 5. Nc3 e6 6. g4 a6 7. g5 Nfd7 8. Be3 b5 9. a3 Nb6 10. Qd2 N8d7 11. f4 Bb7 12. Bd3 Nc5 13. 0-0-0 Qc7 14. Kb1 Be7 15. h4 d5 16. e5 g6 17. h5 0-0-0 18. Rh3 Kb8 19. Rdh1 Rhf8 20. hxg6 hxg6 21. Rh7 Ne4 22. Nxe4 dxe4 23. Bf1 Nd5 24. c3 Qa5 25. Nb3 Qa4 26. Nc5 Nxe3 27. Qxe3 Bxc5 28. Qxc5 e3 29. c4 b4 30. Bd3 bxa3 31. R7h2 Bxh1 32. Qb6+ Bb7 33. Be4 a2+ 0-1

[Event "RUS-chT Clubs sf"]
[Site "Cheliabinsk"]
[Date "2005.01.??"]
[Round "3"]
[White "Looshnikov, Nikolai"]
[Black "Trofimov, Sergey"]
[Result "1/2-1/2"]
[WhiteElo "2455"]
[BlackElo "2412"]
[PlyCount "69"]
[EventDate "2005.01.??"]
[EventType "team"]
[EventRounds "9"]
[EventCountry "RUS"]
[SourceTitle "EXT 2006"]
[Source "ChessBase"]
[SourceDate "2005.11.24"]
[SourceVersion "1"]
[SourceVersionDate "2005.11.24"]
[SourceQuality "1"]

1. e4 c5 2. c3 Nf6 3. e5 Nd5 4. Nf3 Nc6 5. d4 cxd4 6. cxd4 d6 7. Bc4 Nb6 8. Bb5 dxe5 9. Nxe5 Bd7 10. Nxd7 Qxd7 11. 0-0 e6 12. Nc3 Be7 13. Qg4 0-0 14. Bxc6 bxc6 15. Bh6 Bf6 16. Rfd1 Kh8 17. Ne4 Qe7 18. Bg5 Bxg5 19. Qxg5 Qxg5 20. Nxg5 Kg8 21. Rac1 Rfc8 22. Rc5 Nd5 23. Rdc1 Ne7 24. Ra5 Rcb8 25. b3 Rd8 26. Rc4 Rd7 27. Kf1 h6 28. Nf3 f6 29. Ke2 Kf7 30. h4 g5 31. hxg5 hxg5 32. Ra6 Rc8 33. Rca4 Rcc7 34. Rc4 Rc8 35. Rca4 1/2-1/2

[Event "RUS-chT Clubs sf"]
[Site "Cheliabinsk"]
[Date "2005.01.??"]
[Round "6"]
[White "Trofimov, Sergey"]
[Black "Dyachkov, Sergej"]
[Result "1/2-1/2"]
[WhiteElo "2412"]
[BlackElo "2549"]
[PlyCount "136"]
[EventDate "2005.01.??"]
[EventType "team"]
[EventRounds "9"]
[EventCountry "RUS"]
[SourceTitle "EXT 2006"]
[Source "ChessBase"]
[SourceDate "2005.11.24"]
[SourceVersion "1"]
[SourceVersionDate "2005.11.24"]
[SourceQuality "1"]

1. d4 Nf6 2. c4 c5 3. d5 d6 4. Nc3 g6 5. e4 Bg7 6. Be2 0-0 7. Nf3 e6 8. 0-0 Re8 9. Re1 exd5 10. exd5 Na6 11. a3 Bf5 12. Bd3 Rxe1+ 13. Nxe1 Bd7 14. Nf3 Qf8 15. Rb1 Nc7 16. b4 cxb4 17. axb4 b5 18. Bb2 bxc4 19. Bxc4 a6 20. Nd4 Qb8 21. b5 axb5 22. Ndxb5 Nxb5 23. Nxb5 Bxb5 24. Bxf6 Bxf6 25. Bxb5 Ra3 26. Qe2 Qa7 27. Bc4 Kg7 28. g3 Rc3 29. Bd3 h5 30. Be4 h4 31. Kg2 Ra3 32. Rc1 Ra2 33. Rc2 Ra1 34. Qg4 Qe7 35. Re2 Qd8 36. Bf3 hxg3 37. fxg3 Qb6 38. h4 Be5 39. Kh3 Rg1 40. Bg2 Qd8 41. Rf2 Ra1 42. h5 Qh8 43. Qh4 Qxh5 44. Qxh5 gxh5 45. g4 Ra3+ 46. Rf3 hxg4+ 47. Kxg4 Ra4+ 48. Kf5 Kf8 49. Rf1 Rh4 50. Be4 Ke7 51. Bc2 Bg7 52. Rf4 Rh5+ 53. Kg4 Rh2 54. Bd3 Be5 55. Rf1 Rg2+ 56. Kf5 Rd2 57. Be4 Kd7 58. Kg4 Rd4 59. Kf5 Rc4 60. Rf2 Rc1 61. Bd3 Rc5 62. Be4 Ra5 63. Rf1 Ra2 64. Rf3 Kc7 65. Kg4 Rg2+ 66. Kh3 Rg7 67. Rf2 Kb6 68. Rg2 Rxg2 1/2-1/2

[Event "RUS-chT Clubs sf"]
[Site "Cheliabinsk"]
[Date "2005.01.??"]
[Round "9"]
[White "Trofimov, Sergey"]
[Black "Vyatkin, Dmitry"]
[Result "0-1"]
[WhiteElo "2412"]
[BlackElo "2222"]
[PlyCount "124"]
[EventDate "2005.01.??"]
[EventType "team"]
[EventRounds "9"]
[EventCountry "RUS"]
[SourceTitle "EXT 2006"]
[Source "ChessBase"]
[SourceDate "2005.11.24"]
[SourceVersion "1"]
[SourceVersionDate "2005.11.24"]
[SourceQuality "1"]

1. d4 Nf6 2. c4 g6 3. Nc3 Bg7 4. e4 d6 5. Nf3 0-0 6. Be2 e5 7. 0-0 Nc6 8. d5 Ne7 9. Ne1 Ne8 10. Be3 f5 11. f3 c5 12. dxc6 bxc6 13. Qd2 Be6 14. Rd1 Qc7 15. b4 Rd8 16. Qc2 Nf6 17. Qa4 Ra8 18. Qa6 Bc8 19. Qa3 Be6 20. b5 c5 21. Nc2 f4 22. Bd2 g5 23. Nd5 Nexd5 24. cxd5 Bc8 25. Kf2 g4 26. Ke1 Bb7 27. Bc3 Qf7 28. Qb3 Qh5 29. Rh1 Nxe4 30. fxe4 f3 31. Ne3 fxe2 32. Kxe2 g3+ 33. Kd3 gxh2 34. Rdf1 Rxf1 35. Nxf1 Rc8 36. Qc4 Qd1+ 37. Bd2 Bh6 38. Qc2 c4+ 39. Kc3 Qa1+ 40. Kb4 Bxd2+ 41. Qxd2 Qb1+ 42. Kc3 Qxe4 43. Qg5+ Qg6 44. Qxg6+ hxg6 45. Ne3 Rc5 46. a4 Bxd5 47. Nxd5 Rxd5 48. Kxc4 Rd4+ 49. Kb3 Rh4 50. a5 Kg7 51. b6 axb6 52. axb6 d5 53. b7 Rh8 54. Kb4 Rb8 55. Kc5 d4 56. Kd5 Rxb7 57. Rxh2 d3 58. Rh1 d2 59. Rd1 Kf6 60. Kc6 Rb2 61. Kd5 Rb8 62. Rf1+ Kg5 0-1

[Event "Cheliabinsk"]
[Site "Cheliabinsk"]
[Date "2004.09.??"]
[Round "?"]
[White "Trofimov, Sergey"]
[Black "Bashkov, Viacheslav"]
[Result "1-0"]
[WhiteElo "2412"]
[BlackElo "2390"]
[PlyCount "79"]
[EventDate "2004.09.??"]
[EventType "tourn"]
[EventRounds "11"]
[EventCountry "RUS"]
[EventCategory "7"]
[SourceTitle "EXT 2006"]
[Source "ChessBase"]
[SourceDate "2005.11.24"]
[SourceVersion "1"]
[SourceVersionDate "2005.11.24"]
[SourceQuality "1"]

1. d4 d5 2. c4 c6 3. Nf3 Nf6 4. Nc3 e6 5. e3 Nbd7 6. Qc2 Bd6 7. Bd3 0-0 8. 0-0 dxc4 9. Bxc4 a6 10. Rd1 Qc7 11. e4 e5 12. g3 exd4 13. Nxd4 Ne5 14. Be2 Bc5 15. Bf4 Bg4 16. Nb3 Bb6 17. Na4 Ba7 18. Nac5 Qe7 19. Bxg4 Nfxg4 20. h3 g5 21. Bxe5 Nxe5 22. Rac1 Rad8 23. Kg2 b6 24. Nxa6 c5 25. Rxd8 Qxd8 26. Qd2 Qf6 27. Qe3 Qe7 28. Rd1 Re8 29. Rd5 h6 30. Nd2 Qb7 31. Qa3 Ng6 32. Kh2 Ra8 33. Qd3 b5 34. Rd7 Qxa6 35. Qd5 Rf8 36. Rd6 Qc8 37. Rxg6+ Kh7 38. Rc6 Qd8 39. Rd6 Qe7 40. Qf5+ 1-0

[Event "RUS-Cup"]
[Site "Tomsk"]
[Date "1999.??.??"]
[Round "1"]
[White "Pridorozhni, Aleksei"]
[Black "Trofimov, Sergey"]
[Result "1-0"]
[WhiteElo "2302"]
[BlackElo "2410"]
[PlyCount "121"]
[EventDate "1999.??.??"]
[EventType "swiss"]
[EventRounds "9"]
[EventCountry "RUS"]
[SourceTitle "EXT 2001"]
[Source "ChessBase"]
[SourceDate "2000.11.22"]
[SourceVersion "1"]
[SourceVersionDate "2000.11.22"]
[SourceQuality "1"]

1. e4 c5 2. Nf3 e6 3. Nc3 a6 4. d3 Nc6 5. g3 g6 6. Bg2 Bg7 7. 0-0 Nge7 8. Bf4 d5 9. exd5 exd5 10. Qd2 0-0 11. Rae1 b5 12. Bh6 Bb7 13. Bxg7 Kxg7 14. d4 c4 15. Ne2 Nf5 16. Nf4 Qd6 17. c3 Rfe8 18. h4 Re7 19. Rxe7 Nfxe7 20. Re1 Ng8 21. Ne5 Nf6 22. Nh3 Re8 23. Nxc6 Bxc6 24. Rxe8 Bxe8 25. Qf4 Qxf4 26. Nxf4 Bc6 27. g4 Kf8 28. g5 Ne4 29. Kf1 Ke7 30. Ke2 f6 31. Bxe4 dxe4 32. Ke3 f5 33. h5 Be8 34. h6 Bf7 35. Ng2 Kd6 36. Kf4 Bg8 37. Ne3 Be6 38. Nc2 a5 39. Ke3 Bf7 40. Na3 Be8 41. Nb1 Bf7 42. Nd2 Be6 43. f3 exf3 44. Nxf3 a4 45. Ne5 Bg8 46. Kf4 Kc7 47. Kf3 Kd6 48. Ke3 Kc7 49. d5 Kd6 50. Kd4 f4 51. Ng4 Bxd5 52. Nf6 Bc6 53. Nxh7 f3 54. Ke3 Ke7 55. Nf6 Kf8 56. Ng4 Kg8 57. Ne5 a3 58. bxa3 Be4 59. Nxf3 Bb1 60. Nd4 Bxa2 61. Nxb5 1-0

[Event "Kemerovo2"]
[Site "Kemerovo"]
[Date "1995.??.??"]
[Round "11"]
[White "Khasin, Alexander"]
[Black "Trofimov, Sergey"]
[Result "1-0"]
[WhiteElo "2485"]
[BlackElo "2200"]
[PlyCount "72"]
[EventDate "1995.08.??"]
[EventType "tourn"]
[EventRounds "13"]
[EventCountry "RUS"]
[EventCategory "6"]
[SourceTitle "CBM 049 Extra"]
[Source "ChessBase"]
[SourceDate "1996.01.01"]
[SourceVersion "1"]
[SourceVersionDate "1996.01.01"]
[SourceQuality "1"]

1. Nf3 g6 2. c4 Bg7 3. d4 d6 4. g3 Nd7 5. Bg2 e5 6. 0-0 Ne7 7. Nc3 0-0 8. e4 exd4 9. Nxd4 Nc6 10. Nxc6 bxc6 11. Qc2 Qf6 12. Ne2 Re8 13. Rb1 Qe7 14. Bd2 Nc5 15. Rfe1 a5 16. Bc3 Bxc3 17. Nxc3 Bd7 18. Re3 a4 19. Rbe1 Qe5 20. Qd2 f6 21. f4 Qe7 22. Ne2 Qf7 23. Qd4 Rab8 24. e5 Qe7 25. Nc3 dxe5 26. fxe5 f5 27. e6 Nxe6 28. Qd2 Qd6 29. Qxd6 cxd6 30. Nxa4 Nd4 31. b3 Rxe3 32. Rxe3 Kf7 33. c5 dxc5 34. Nxc5 Be8 35. Bf1 Kf6 36. Bc4 Bf7 1-0

[Event "Kemerovo2"]
[Site "Kemerovo"]
[Date "1995.??.??"]
[Round "1"]
[White "Trofimov, Sergey"]
[Black "Kupreichik, Viktor D"]
[Result "1-0"]
[WhiteElo "2200"]
[BlackElo "2525"]
[PlyCount "127"]
[EventDate "1995.08.??"]
[EventType "tourn"]
[EventRounds "13"]
[EventCountry "RUS"]
[EventCategory "6"]
[SourceTitle "CBM 049 Extra"]
[Source "ChessBase"]
[SourceDate "1996.01.01"]
[SourceVersion "1"]
[SourceVersionDate "1996.01.01"]
[SourceQuality "1"]

1. Nf3 d5 2. d4 Nf6 3. c4 dxc4 4. e3 a6 5. Bxc4 e6 6. 0-0 c5 7. a4 Nc6 8. Qe2 cxd4 9. Rd1 Be7 10. exd4 0-0 11. Nc3 Nb4 12. Ne5 Nfd5 13. Qe4 Qd6 14. Qg4 f5 15. Qe2 Bf6 16. Bb3 Bd7 17. Bd2 Bc6 18. Rac1 Rac8 19. Nxd5 Nxd5 20. Nc4 Qd7 21. Nb6 Qd6 22. Bxd5 exd5 23. Nxc8 Rxc8 24. Bf4 Qd7 25. b3 Re8 26. Be5 f4 27. f3 Qf5 28. Re1 Bh4 29. Red1 Bf6 30. Qd2 Bxe5 31. dxe5 Rxe5 32. Re1 Kf7 33. Qd4 Rxe1+ 34. Rxe1 Qf6 35. Qc5 Qh4 36. Re2 Qd8 37. h3 h6 38. Qd4 Qf6 39. Qb6 Qd6 40. Kh2 g5 41. b4 g4 42. hxg4 d4 43. b5 axb5 44. axb5 d3 45. Rd2 Qe7 46. Kh3 Qe1 47. Qc7+ Ke6 48. Qxf4 Bxb5 49. Qxh6+ Kd5 50. Qf4 Qh1+ 51. Kg3 Qe1+ 52. Rf2 Qe5 53. g5 Bc4 54. Qxe5+ Kxe5 55. f4+ Ke4 56. f5 b5 57. g6 d2 58. Rxd2 Kxf5 59. g7 Kg6 60. Rd7 Kh7 61. Rb7 Kg8 62. Kf4 Bd5 63. Rxb5 Bxg2 64. Rg5 1-0

[Event "RUS-chT 02nd"]
[Site "Kolontaevo"]
[Date "1994.??.??"]
[Round "9"]
[White "Khasin, Alexander"]
[Black "Trofimov, Sergey"]
[Result "1/2-1/2"]
[WhiteElo "2470"]
[BlackElo "2350"]
[PlyCount "67"]
[EventDate "1994.??.??"]
[EventType "team-tourn"]
[EventRounds "9"]
[EventCountry "RUS"]
[SourceTitle "EXT 2020"]
[Source "ChessBase"]
[SourceDate "2019.10.17"]
[SourceVersion "1"]
[SourceVersionDate "2019.10.17"]
[SourceQuality "1"]
[WhiteTeam "Novosibirsk New Siberia"]
[BlackTeam "Kemerovo Politekhnik"]
[WhiteTeamCountry "RUS"]
[BlackTeamCountry "RUS"]

1. g3 e5 2. c4 Nc6 3. Bg2 g6 4. Nc3 Bg7 5. Rb1 f5 6. b4 Nf6 7. d3 h6 8. Nf3 d6 9. 0-0 Ne7 10. b5 0-0 11. a4 Be6 12. Ba3 g5 13. c5 b6 14. cxd6 cxd6 15. Nxe5 Ne8 16. Bxa8 Qxa8 17. Nc6 Nxc6 18. bxc6 Bxc3 19. d4 Qxc6 20. Rc1 Nf6 21. Bb2 Nd5 22. Bxc3 Nxc3 23. Qd3 Rc8 24. d5 Qc4 25. Rxc3 Qxc3 26. Qxc3 Rxc3 27. dxe6 Kf8 28. f4 g4 29. Re1 Re3 30. Kf2 Rxe6 31. Rc1 Kf7 32. a5 bxa5 33. Ra1 Re7 34. Rxa5 1/2-1/2